000 00454nam a2200169 i 4500
001 22148
003 ES-MaACL
005 20251019063037.0
007 t|
008 181210s19611900sp ||||1| spa d
100 1 _aDostoievski, Fiódor,
_d1821-1881
_9242371
245 1 3 _aEl jugador /
_cFedor Dostoiewski.
260 _aBarcelona :
_bJuventud,
_c1961.
300 _a208 p. ;
_c20 cm.
852 _aES-MaACL
_jC-20346
999 _c22148
_d22148